00625nam a2200193Ia 4500008004100000020001400041082001800055100002200073245004700095250000800142260004100150300003000191500001900221600002700240650001500267942000700282952012700289999001500416240925s9999 xx 000 0 und d a471007471 a621.38459 LEE aLee, William C.Y. 0aMobile Communications Design Fundamentals  a2nd aNew York:bJohn Wiley & Sonsc,1993. axiii,517p.bNAfPhotocopy aIncludes Index aElectronic Engineering aTechnology cBK 001040708ELaUITUbUITUd2005-07-14eOK Photostatg277.00l0o621.38459 LEEpQ6262r2024-09-25 07:14:09w2024-09-25yBK c8761d8761